Chanteurs et musiciens en U et V (par images). - Statistiques

Statistiques générales
  • Ce quiz a été pris 227 fois
  • Le résultat moyen est 8 sur 12
Statistiques - réponses
Par images Réponse % Correct
Boris Vian
97%
Vianney
96%
Vitaa
91%
Laurent Voulzy
81%
Vald
79%
U2
69%
Village People
68%
Francky Vincent
65%
Usher
62%
Sylvie Vartan
48%
Vegedream
29%
Hervé Vilard
12%
Aucun quiz correspondant
Distribution des résultats
% des personnes avec chaque résultat
Percentile par nombre de réponses
Votre historique - résultats
Vous n’avez pas pris ce quiz